[Event "Let's Play Chess!"]
[Site "http://www.queenalice.com/game.php?id=1226736"]
[Date "2013.10.23"]
[Round "-"]
[White "drbhat"]
[Black "spawnwolfwolverine"]
[Result "1-0"]
[WhiteElo "1651"]
[BlackElo "1655"]

1. f3 e5 2. e4 d6 3. Nc3 b6 4. d4 exd4 5. Qxd4 Bb7 6. Be3 Nc6 7. Qd2 Nf6 8.
O-O-O Be7 9. Bb5 O-O 10. g4 Ne5 11. Be2 c5 12. Nh3 a5 13. Rhg1 Ba6 14. f4 Bxe2
15. Qxe2 Nc6 16. g5 Nd7 17. Nd5 g6 18. f5 Nce5 19. f6 Bxf6 20. Nxf6+ Nxf6 21.
gxf6 Qxf6 22. Rdf1 Qg7 23. Nf4 Qh8 24. Nh5 f5 25. Bh6 Rf7 26. Rxf5 Rxf5 27. exf5
Re8 28. fxg6 Re7 29. g7 Qxg7 30. Nxg7 Ng6 31. Qc4+ Rf7 32. Rf1 Ne5 33. Qe6 Kh8
34. Qe8+ Rf8 35. Qxf8# 1-0

[Event "Let's Play Chess!"]
[Site "http://www.queenalice.com/game.php?id=1227173"]
[Date "2013.10.25"]
[Round "-"]
[White "drbhat"]
[Black "Fermats"]
[Result "0-1"]
[WhiteElo "1667"]
[BlackElo "2513"]

1. f3 e5 2. e4 Nc6 3. c3 d5 4. exd5 Qxd5 5. b4 a6 6. Bb2 Nf6 7. Na3 Be7 8. Bc4
Qd6 9. Ne2 O-O 10. O-O Rd8 11. Qb3 Rf8 12. b5 Na5 13. Qc2 Qb6+ 14. Rf2 Rd8 15.
Bd3 Bc5 16. Rf1 Qd6 17. Qa4 Qxd3 18. Qxa5 Qxd2 19. bxa6 b6 20. Qxc5 bxc5 21. Ng3
Qd3 0-1

[Event "mesa 21"]
[Site "http://www.queenalice.com/game.php?id=1230794"]
[Date "2013.11.7"]
[Round "-"]
[White "Herbert_Paulo"]
[Black "drbhat"]
[Result "0-1"]
[WhiteElo "1916"]
[BlackElo "1682"]

1. e4 e5 2. f4 exf4 3. Nf3 Nc6 4. d4 d5 5. e5 g5 6. Bb5 Bd7 7. O-O g4 8. Ne1 f3
9. Nc3 fxg2 10. Nxg2 h5 11. Nxd5 Bg7 12. Bc4 Be6 13. Bg5 Qxg5 14. Nxc7+ Kd8 15.
Bxe6 Kxc7 16. Rxf7+ Kb8 17. Qd3 Nge7 18. Raf1 Rd8 19. c3 Nxe5 20. Qe4 Nxf7 21.
Bxf7 Rf8 22. Qe6 a6 23. Qd6+ Ka7 24. d5 Rac8 25. c4 Bd4+ 26. Kh1 Nf5 27. Qe6 Nh6
28. c5 Nxf7 29. Qb6+ Ka8 30. b4 Ne5 0-1

[Event "Let's Play Chess!"]
[Site "http://www.queenalice.com/game.php?id=1234407"]
[Date "2013.11.23"]
[Round "-"]
[White "greggy"]
[Black "drbhat"]
[Result "1-0"]
[WhiteElo "1859"]
[BlackElo "1726"]

1. e4 e5 2. Nf3 Nc6 3. Bb5 Nd4 4. Nxd4 exd4 5. O-O Nf6 6. d3 a5 7. a3 c6 8. e5
cxb5 9. exf6 gxf6 10. Re1+ Be7 11. Qg4 d5 12. Qg7 Rf8 13. Bh6 Kd7 14. g3 Bd6 15.
Qxh7 Rh8 16. Qxf7+ Kc6 17. Bg7 Rg8 18. Nd2 Bh3 19. Nb3 Qb6 20. Bxf6 Raf8 21. Qh7
Bd7 22. Nxd4+ Kc7 23. Ne6+ Kc8 24. Nxf8 Rxf8 25. Qg7 Bc5 26. Bd4 Qd6 27. Bxc5
Qxc5 28. d4 Qd6 29. Re5 Kb8 30. Rxd5 Qxd5 31. Qxf8+ Ka7 32. Qc5+ Qxc5 33. dxc5
1-0

[Event "Let's Play Chess!"]
[Site "http://www.queenalice.com/game.php?id=1235883"]
[Date "2013.11.28"]
[Round "-"]
[White "drbhat"]
[Black "ztnilz"]
[Result "1-0"]
[WhiteElo "1702"]
[BlackElo "1770"]

1. h3 d5 2. e3 e5 3. d4 e4 4. c4 c6 5. c5 Nf6 6. Ne2 Be7 7. g4 g6 8. Nbc3 Be6 9.
Qb3 Qc7 10. Nf4 Bd7 11. a4 a5 12. Bd2 Bf8 13. g5 Nh5 14. O-O-O Nxf4 15. exf4 Bg7
16. h4 Bxd4 17. f3 Bxc5 18. fxe4 dxe4 19. Nxe4 Be7 20. Bc4 Rf8 21. Rhe1 Be6 22.
Bxe6 fxe6 23. Qxe6 Na6 24. Nf6+ 1-0

[Event "Let's Play Chess!"]
[Site "http://www.queenalice.com/game.php?id=1236038"]
[Date "2013.11.28"]
[Round "-"]
[White "drbhat"]
[Black "igorjava"]
[Result "1-0"]
[WhiteElo "1721"]
[BlackElo "1778"]

1. h4 e5 2. e3 Nf6 3. d4 e4 4. Nc3 d5 5. h5 c5 6. dxc5 Bxc5 7. Be2 O-O 8. h6 g6
9. b3 Nc6 10. Na4 Bd6 11. Bb2 Be5 12. Qc1 Qa5+ 13. c3 Be6 14. Bd1 Nd7 15. Ne2 b5
16. b4 Qc7 17. Nc5 Nxc5 18. bxc5 Na5 19. Rb1 Nc4 20. Ba1 Qxc5 21. Nd4 b4 22.
cxb4 Qc8 23. Bb3 Rb8 24. a3 Qd7 25. Bxc4 Rfc8 26. Nxe6 Rxc4 27. Bxe5 Rxc1+ 28.
Rxc1 Re8 29. Nc5 Qg4 30. Bg3 Rd8 31. Nb3 g5 32. Nd4 Rc8 33. Kd2 Rc4 34. Rxc4
dxc4 35. Rc1 Qc8 36. Rc3 a6 37. Be5 f5 38. Bg7 f4 39. exf4 gxf4 40. a4 Kf7 41.
b5 axb5 42. Nxb5 Qd8+ 43. Kc2 Qa5 44. Rxc4 e3 45. Rxf4+ Kg6 46. fxe3 Qe1 47.
Rf6+ Kg5 48. Nc3 Qxe3 49. Kb3 Qd3 50. a5 Qd7 51. a6 Kg4 52. Rb6 Qa7 53. Bd4 Qc7
54. a7 Kh4 55. a8=Q 1-0

[Event "Let's Play Chess!"]
[Site "http://www.queenalice.com/game.php?id=1238688"]
[Date "2013.12.10"]
[Round "-"]
[White "drbhat"]
[Black "AfeuLira"]
[Result "1-0"]
[WhiteElo "1739"]
[BlackElo "2122"]

1. a3 e5 2. c4 Nf6 3. Nf3 d6 4. Nc3 Be6 5. d4 exd4 6. Qa4+ Qd7 7. Nxd4 Qxa4 8.
Nxa4 Bxc4 9. Bd2 Be7 10. Nc3 O-O 11. O-O-O Nbd7 12. Nf5 Rfe8 13. Bg5 Be6 14. e4
h6 15. Bh4 Nc5 16. f3 Bxf5 17. exf5 Nfd7 18. Bxe7 Rxe7 19. Nd5 Re5 20. Nxc7 Rc8
21. Nb5 Ne4+ 22. Kb1 Nf2 23. Bd3 Nxh1 24. Rxh1 Ra8 25. Rd1 Rd5 26. Kc2 Nc5 27.
Nc7 Nxd3 28. Nxd5 Ne5 29. f6 g5 30. Ne7+ Kf8 31. Rxd6 Nc4 32. Rd4 Ne3+ 33. Kb1
Nxg2 34. Nf5 h5 35. Rd7 Nf4 36. Nd6 Ne6 37. Rxf7+ Kg8 38. Re7 Nf8 39. Rg7+ Kh8
40. Nf7# 1-0

[Event "#1"]
[Site "http://www.queenalice.com/game.php?id=1241789"]
[Date "2013.12.23"]
[Round "-"]
[White "Railton"]
[Black "drbhat"]
[Result "1-0"]
[WhiteElo "1683"]
[BlackElo "1756"]

1. c4 h5 2. b4 h4 3. d4 c6 4. Bb2 d5 5. c5 Nf6 6. Nd2 g6 7. h3 Bg7 8. e3 Bf5 9.
Be2 Na6 10. Ngf3 Qc7 11. a3 Ne4 12. Ne5 Rh6 13. Ng4 Rh7 14. Ne5 f6 15. Ng4 O-O-O
16. Bxa6 bxa6 17. Nxe4 dxe4 18. Qe2 Kb7 19. Nh2 Rd5 20. Bc3 Bd7 21. Nf1 f5 22.
Nd2 f4 23. Nc4 Bc8 24. exf4 Qxf4 25. Bd2 Qf7 26. Na5+ Kc7 27. Nb3 Bxd4 28. Nxd4
Rxd4 29. O-O Kb7 30. Be3 Rd5 31. Rfd1 Bf5 32. Rxd5 cxd5 33. c6+ Kc7 34. Bf4+
Kxc6 35. Qxa6+ Kd7 36. Qxa7+ Ke8 37. Qb8+ Kd7 38. Qc7+ Ke8 39. Qc6+ Kf8 40. Qa8+
Qe8 41. Qxd5 Rh5 42. Qd2 Kg8 43. Rc1 Kh7 44. Rc5 Qg8 45. Rc7 g5 46. Rxe7+ Kh6
47. Qd6+ Qg6 48. Qxg6+ Kxg6 49. Be3 Rh7 50. Rxh7 Kxh7 51. b5 Kg6 52. a4 Bc8 53.
a5 Kf5 54. a6 g4 55. hxg4+ Kxg4 56. a7 Bb7 57. Kh2 Bd5 58. b6 Bc6 59. Bc5 Ba8
60. Bd6 Bd5 61. Be7 Bb7 62. Kg1 h3 63. g3 e3 64. fxe3 Kxg3 65. Bd6+ Kg4 66. Kh2
Kf3 67. Bc5 Kg4 68. Bd6 Be4 69. Kg1 Kf3 70. Kh2 Kxe3 71. Kxh3 Kd4 72. Kg4 Kd5
73. Bc7 Ke6 74. Kf4 Bh1 75. Ke3 Kd7 76. Kd4 1-0

[Event "Let's Play Chess!"]
[Site "http://www.queenalice.com/game.php?id=1242239"]
[Date "2013.12.23"]
[Round "-"]
[White "BartolomeuDias"]
[Black "drbhat"]
[Result "1-0"]
[WhiteElo "2293"]
[BlackElo "1730"]

1. d4 h5 2. e4 h4 3. Nc3 c6 4. h3 d5 5. Bd3 g6 6. Nf3 e6 7. O-O Bh6 8. Re1 g5 9.
Bd2 Kf8 10. Qc1 g4 11. hxg4 Bxd2 12. Qxd2 Nf6 13. g5 dxe4 14. Bxe4 Ng4 15. Qf4
Nxf2 16. Ne5 f5 17. gxf6 Nh3+ 18. gxh3 Qxd4+ 19. Kh1 c5 20. Qg5 Rg8 21. Qh6+ Ke8
22. Qh7 Rf8 23. Qe7# 1-0

[Event "Let's Play Chess!"]
[Site "http://www.queenalice.com/game.php?id=1242241"]
[Date "2013.12.23"]
[Round "-"]
[White "drbhat"]
[Black "BartolomeuDias"]
[Result "0-1"]
[WhiteElo "1728"]
[BlackElo "2322"]

1. h4 d5 2. h5 e5 3. e3 Nc6 4. d4 Nf6 5. Nc3 h6 6. Be2 exd4 7. exd4 Bb4 8. Kf1
O-O 9. g4 Bxc3 10. bxc3 Ne4 11. Qd3 f5 12. g5 hxg5 13. Nf3 f4 14. Nd2 Bf5 15.
Qf3 g4 16. Qxf4 Nxc3 17. Qg3 Nxe2 18. Kxe2 Nxd4+ 19. Kf1 Qe8 20. h6 Qe2+ 21. Kg2
Be4+ 22. Nxe4 Qxe4+ 23. f3 Rxf3 24. h7+ Kh8 0-1

[Event "5Generation"]
[Site "http://www.queenalice.com/game.php?id=1250240"]
[Date "2014.1.21"]
[Round "-"]
[White "drbhat"]
[Black "jruizlac"]
[Result "0-1"]
[WhiteElo "1769"]
[BlackElo "1841"]

1. a3 e5 2. c4 Nf6 3. Nc3 c6 4. e3 d5 5. cxd5 cxd5 6. Nf3 Nc6 7. Bb5 Bd6 8. O-O
O-O 9. b3 Bg4 10. Bb2 e4 11. Ne1 Bxd1 0-1

[Event "2014"]
[Site "http://www.queenalice.com/game.php?id=1252183"]
[Date "2014.1.29"]
[Round "1"]
[White "Railton"]
[Black "drbhat"]
[Result "1-0"]
[WhiteElo "1702"]
[BlackElo "1737"]

1. d4 f5 2. f4 Nf6 3. e3 e6 4. Nc3 Be7 5. Bd2 O-O 6. h3 d6 7. Nf3 Nc6 8. Qe2 d5
9. O-O-O Bd6 10. Ne1 b6 11. Nb5 Ne4 12. Qf3 Be7 13. Nc3 a6 14. Nxe4 dxe4 15. Qe2
a5 16. g4 fxg4 17. hxg4 Nb4 18. Kb1 1-0